000 00612nam a2200205Ii 4500
001 7089
003 CO-ViMGA
008 241108s9999||||xx |||||||||||||| ||und||
040 _aCO-ViMGA
_bspa
_erda
_cCO-ViMGA
041 0 _aspa
082 0 4 _a910.87 H151d
100 1 _aJohn H Hambleton
_948653
245 1 0 _aDiario del viaje por el orinoco hacia Angostura
264 1 _aBogotá, Colombia : Banco de la república, 1819
300 _avolumen
336 _atext
_btxt
_2rdacontent
337 _aunmediated
_bn
_2rdamedia
338 _avolume
_bnc
_2rdacarrier
940 _aidficha_siabuc: 6925. -- ficha_no_siabuc:7089
999 _c43295
_d43295